Normal view
MARC view
- Mendelson, Edward
Entry Personal Name
001 - CONTROL NUMBER
- control field: 153664
003 - CONTROL NUMBER IDENTIFIER
- control field: DLC
005 - DATE AND TIME OF LATEST TRANSACTION
- control field: 20260414155711.0
008 - FIXED-LENGTH DATA ELEMENTS
- fixed length control field: 800721n| azannaabn |n aaa
010 ## - LIBRARY OF CONGRESS CONTROL NUMBER
- LC control number: n 50036975
035 ## - SYSTEM CONTROL NUMBER
- System control number: (OCoLC)oca00072221
040 ## - CATALOGING SOURCE
- Original cataloging agency: DLC
- Language of cataloging: eng
- Description conventions: rda
- Transcribing agency: DLC
- Modifying agency: NjP
- Modifying agency: IEN
- Modifying agency: DLC
- Modifying agency: UPB
046 ## - SPECIAL CODED DATES
- Birth date: 1946-03-15
- Source of date scheme: edtf
100 1# - HEADING--PERSONAL NAME
- Personal name: Mendelson, Edward
372 ## - FIELD OF ACTIVITY
- Field of activity: Comparative literature
- Field of activity: Humanities
- Source of term: lcsh
373 ## - ASSOCIATED GROUP
- Associated group: Columbia University
- Associated group: Yale University
- Associated group: Harvard University
- Source of term: naf
374 ## - OCCUPATION
- Occupation: College teachers
- Source of term: lcsh
377 ## - ASSOCIATED LANGUAGE
- Language code: eng
670 ## - SOURCE DATA FOUND
- Source citation: Bloomfield, B. C. W. H. Auden ... 1972
670 ## - SOURCE DATA FOUND
- Source citation: Info. converted from 678, 2012-10-02
- Information found: (b. 1946)
670 ## - SOURCE DATA FOUND
- Source citation: Later Auden, 1999:
- Information found: t.p. (Edward Mendelson)
670 ## - SOURCE DATA FOUND
- Source citation: Poems, 2022:
- Information found: title page (edited by Edward Mendelson)
670 ## - SOURCE DATA FOUND
- Source citation: Wikipedia, November 21, 2022
- Information found: (Edward Mendelson (born March 15, 1946) is a professor of English and Comparative Literature and the Lionel Trilling Professor in the Humanities at Columbia University; Born, March 15, 1946, New York City, United States; Title, Professor of English and Comparative Literature; Lionel Trilling Professor in the Humanities; Institutions, Columbia University, Yale University, Harvard University)
- Uniform Resource Identifier: https://en.wikipedia.org/wiki/Edward_Mendelson



